Citrus propagation, nursery /

Illustrates some of the important steps of citrus propagation followed by a commercial nurseryman.

Bibliographic Details
Corporate Author: American Society for Horticultural Science
Format: Slide
Language:English
Published: ©1979
Subjects:

MARC

Tag First Indicator Second Indicator Subfields
LEADER 00000cgm a2200000 a 4500
001 in00000014581
005 20151007052239.0
007 gs cj||jc
008 880502s1979 xxunnn|e||||| 0sneng d
035 |a (OCoLC)17885246 
035 |9 AAA6954AM 
040 |a TXA  |c TXA  |d UtOrBLW 
049 |a TXAV  |c [A12540754] 
050 4 |a SB369  |b .C525 1979 
245 0 0 |a Citrus propagation, nursery /  |c American Society for Horticultural Science. 
264 2 |a Glendale, CA :  |b Eugene Memmler [distributor],  |c [1979] 
264 4 |c ©1979 
300 |a 18 slides :  |b color +  |e 2 scripts. 
336 |a still image  |b sti  |2 rdacontent 
337 |a projected  |b g  |2 rdamedia 
338 |a slide  |b gs  |2 rdacarrier 
500 |a Title on script: Citrus propagation. 
520 |a Illustrates some of the important steps of citrus propagation followed by a commercial nurseryman. 
500 |a Slide. 
650 0 |a Citrus fruits  |x Propagation. 
710 2 |a American Society for Horticultural Science. 
740 0 |a Citrus propagation. 
999 |a MARS 
999 f f |s cd8d45b8-69ff-3329-91d3-196f6a849e40  |i ac7a4326-4324-3574-9cf3-367febc631de  |t 0 
952 f f |p ric  |a Texas A&M University  |b Rellis Campus  |c Joint Library Facility  |d Remote Storage  |t 0  |e SB369 .C525 1979  |h Library of Congress classification  |i projected image -- slide  |m A14812540754 
998 f f |a SB369 .C525 1979  |t 0  |l Remote Storage